| 000 | 00877nam a22002415i 4500 | ||
|---|---|---|---|
| 999 |
_c27746 _d27717 |
||
| 003 | EG-ScBUE | ||
| 005 | 20191111150202.0 | ||
| 008 | 191111s2019 ii f b 000 0 eng d | ||
| 020 | _a9789351381112 | ||
| 040 |
_aEG-ScBUE _beng _erda _cEG-ScBUE _dEG-ScBUE |
||
| 082 | 0 | 4 |
_a820.9 _bPRA _222 |
| 245 | 0 | 3 |
_aAn introduction to English criticism / _cedited by Brijadish Prasad, Late professor and head, department of English Agra Collage, Agra. |
| 264 | 1 |
_aDaryaganj, New Delhi : _bTrinity / Laxmi Publisher, _c2019. |
|
| 300 |
_axiv, 220 pages ; _c22 cm |
||
| 336 |
_atext _btxt _2rdacontent |
||
| 337 |
_aunmediated _bn _2rdamedia |
||
| 338 |
_avolume _bnc _2rdacarrier |
||
| 504 | _aIncludes bibliographical references. | ||
| 650 | 7 |
_aEnglish literature _xHistory and criticism. _2EG-ScBUE _919770 |
|
| 653 |
_bHHUUEENN _cNovember2019 |
||
| 655 | _vReading book | ||
| 942 |
_2ddc _cBB |
||